[Event "Los Angeles"]
[Site "Los Angeles, CA USA"]
[Date "1974.??.??"]
[Round "11"]
[White "Gligoric, Svetozar"]
[Black "Mednis, Edmar J"]
[Result "1-0"]
[WhiteElo "2585"]
[BlackElo "2455"]
[PlyCount "135"]
[EventDate "1974.??.??"]
[Source "www.chesslib.no"]
[SourceDate "2004.05.04"]

1. d4 Nf6 2. c4 e6 3. Nc3 Bb4 4. e3 b6 5. Nge2 Ba6 6. Ng3 Bxc3+ 7. bxc3 d5 8. Ba3 Bxc4 9. Bxc4 dxc4 10. Qa4+ Qd7 11. Qxc4 Qc6 12. Qxc6+ Nxc6 13. c4 O-O-O 14. Rc1 Kb7 15. Ke2 Rd7 16. Rhd1 Rhd8 17. Nf1 Ne8 18. Nd2 Nf6 19. Nb3 a5 20. Bb2 a4 21. Nd2 Ra8 22. Bc3 Rdd8 23. Rb1 Ra6 24. Rdc1 Rd7 25. Rc2 Rd8 26. h3 Rd7 27. g4 h6 28. Rg1 Ne8 29. h4 Ra8 30. Rb1 Ra6 31. Ne4 Ka7 32. h5 Ne7 33. Nd2 Nc6 34. Nf3 f6 35. Nh4 Ne7 36. Bb4 Nc6 37. Be1 Ne7 38. Ng2 Nc6 39. f3 Kb7 40. Nf4 Nd8 41. Nd3 Ka8 42. c5 Ka7 43. Nb4 Ra5 44. cxb6+ cxb6 45. Nc6+ Nxc6 46. Rxc6 Ra6 47. Rxe6 Nc7 48. Rc6 Kb7 49. Rc2 Ra8 50. Bg3 Ne6 51. Rcb2 Ra6 52. Rb5 Kc6 53. R5b4 Kb7 54. Rd1 Ra5 55. e4 Rd8 56. d5 Nc5 57. Rdb1 Ra6 58. Rc4 Rc8 59. Bf2 Nd7 60. Rxc8 Kxc8 61. f4 Kb7 62. Bd4 Ra5 63. Ke3 Kc7 64. g5 hxg5 65. fxg5 Ra8 66. h6 Re8 67. hxg7 f5 68. Rh1 1-0

[Event "Malmo"]
[Site "?"]
[Date "1993.??.??"]
[Round "?"]
[White "Rogers, I."]
[Black "Brynell, S."]
[Result "1-0"]
[WhiteElo "2575"]
[BlackElo "2465"]
[PlyCount "59"]
[EventDate "1993.??.??"]
[Source "ChessBase"]
[SourceDate "1993.06.01"]

1. d4 e6 2. c4 Nf6 3. Nc3 Bb4 4. e3 b6 5. Nge2 Ba6 6. Ng3 O-O 7. e4 d5 8. cxd5 Bxf1 9. Kxf1 exd5 10. e5 Ne8 11. Qb3 Bxc3 12. bxc3 c5 13. Ba3 Na6 14. Kg1 Nec7 15. Re1 f6 16. h3 fxe5 17. Rxe5 Qd7 18. Bc1 Rae8 19. Rxe8 Rxe8 20. Kh2 Qb5 21. Qd1 Qc4 22. Qg4 Qxc3 23. Nf5 Ne6 24. Bf4 g6 25. Be5 Nac7 26. Nh6+ Kf8 27. Qh4 g5 28. Bd6+ Kg7 29. Qh5 Qd3 30. Be5+ 1-0

[Event "Moscow Petrosian"]
[Site "Moscow"]
[Date "1995.??.??"]
[Round "2"]
[White "Moskalenko, Viktor"]
[Black "Zagrebelny, Sergey"]
[Result "1/2-1/2"]
[WhiteElo "2525"]
[BlackElo "2510"]
[PlyCount "89"]
[EventDate "1995.??.??"]
[Source "ChessBase"]

1. d4 Nf6 2. c4 e6 3. Nc3 Bb4 4. e3 b6 5. Nge2 Ba6 6. a3 Be7 7. Nf4 O-O 8. g4 d5 9. g5 Ne4 10. Nxe4 dxe4 11. h4 Bd6 12. Qc2 Bb7 13. Ne2 c5 14. dxc5 bxc5 15. Nc3 Nd7 16. Nxe4 f5 17. gxf6 Nxf6 18. Bg2 Rb8 19. Bd2 Nxe4 20. Bxe4 Bxe4 21. Qxe4 Qf6 22. O-O Rxb2 23. Bc3 Qxc3 24. Qxe6+ Rf7 25. Qxd6 Qxc4 26. Rac1 Rc2 27. Rb1 Rf8 28. Rb7 a5 29. Qg3 Qc3 30. e4 Qxg3+ 31. fxg3 h5 32. Rxf8+ Kxf8 33. Rc7 c4 34. Kf1 c3 35. e5 a4 36. Ke1 Rc1+ 37. Ke2 c2 38. e6 g6 39. Kd2 Ra1 40. Kxc2 Rxa3 41. Rf7+ Ke8 42. g4 hxg4 43. Rg7 Rh3 44. Rxg6 Rxh4 45. Kb2 1/2-1/2

[Event "URS-chT"]
[Site "Riga"]
[Date "1975.??.??"]
[Round "?"]
[White "Petrosian, Tigran V"]
[Black "Butnorius, Algimantas"]
[Result "1-0"]
[WhiteElo "2645"]
[BlackElo "2385"]
[PlyCount "89"]
[EventDate "1975.??.??"]
[Source "ChessBase"]

1. d4 Nf6 2. c4 e6 3. Nc3 Bb4 4. e3 b6 5. Nge2 Ba6 6. Ng3 O-O 7. e4 d5 8. cxd5 Bxf1 9. Kxf1 Bxc3 10. bxc3 exd5 11. e5 Ne4 12. Qd3 f5 13. Ne2 Ng5 14. Bxg5 Qxg5 15. g3 Qh6 16. Nf4 Nc6 17. Qf3 Ne7 18. Nxd5 Qh3+ 19. Kg1 Nxd5 20. Qxd5+ Kh8 21. f4 Rad8 22. Qc6 Qh5 23. Kf2 g5 24. Ke3 Qf7 25. Rhf1 g4 26. Rfd1 Rfe8 27. c4 Re6 28. Qb5 Rh6 29. Rd2 Rh3 30. d5 h5 31. Qb4 h4 32. Rg1 Kg7 33. e6 Qf6 34. Qb2 hxg3 35. hxg3 Qxb2 36. Rxb2 Kf6 37. Kd4 Rdh8 38. Re2 R3h7 39. c5 Re8 40. Kc4 Rhh8 41. Rge1 bxc5 42. Kxc5 Rh3 43. Rg2 Reh8 44. Ree2 R3h7 45. Kc6 1-0

[Event "LXVIII ch-ESP 3rd-4th"]
[Site "Burgos"]
[Date "2003.10.31"]
[Round "1"]
[White "Moreno Ruiz, Javier"]
[Black "Illescas Cordoba, Miguel"]
[Result "0-1"]
[WhiteElo "2426"]
[BlackElo "2602"]
[PlyCount "114"]
[EventDate "2003.10.31"]
[Source "Roberto Alvarez"]
[SourceDate "2003.11.03"]

1. d4 Nf6 2. c4 e6 3. Nc3 Bb4 4. e3 b6 5. Nge2 Ba6 6. Ng3 Bxc3+ 7. bxc3 d5 8. Ba3 Bxc4 9. Bxc4 dxc4 10. Qa4+ Qd7 11. Qxc4 Qc6 12. Qxc6+ Nxc6 13. e4 Na5 14. Ke2 Nd7 15. Rhd1 Nc4 16. Bc1 O-O-O 17. Nf1 f5 18. exf5 exf5 19. Ne3 Rhe8 20. Kf1 Nxe3+ 21. Bxe3 h6 22. a4 Nf6 23. h3 Ne4 24. c4 g5 25. a5 f4 26. Bc1 b5 27. cxb5 Nc3 28. Rd2 Nxb5 29. Bb2 Rd5 30. Rc1 Kb7 31. Rc4 Nd6 32. Rb4+ Ka6 33. Rc2 Nb5 34. Ra4 Re6 35. Ra1 c6 36. Rc4 Nc7 37. Rac1 Kb7 38. Rc5 Rxc5 39. Rxc5 Nd5 40. Bc1 Re8 41. Rc2 Re4 42. Bb2 Re3 43. Rd2 Rb3 44. Ke2 Ka6 45. Kd1 Kxa5 46. Bc1 Kb4 47. Kc2 Kc4 48. Re2 f3 49. gxf3 Rxf3 50. Re6 Nb4+ 51. Kd2 Rxh3 52. Re7 a5 53. Ra7 Kb5 54. Ke2 a4 55. Be3 Nc2 56. Rb7+ Kc4 57. Rc7 Nxd4+ 0-1

[Event "Ilioupolis"]
[Site "Ilioupolis"]
[Date "1995.??.??"]
[Round "1"]
[White "Ibragimov, Ildar"]
[Black "Pavlovic, Milos"]
[Result "1/2-1/2"]
[WhiteElo "2520"]
[BlackElo "2505"]
[PlyCount "76"]
[EventDate "1995.??.??"]
[Source "ChessBase"]

1. d4 Nf6 2. c4 e6 3. Nc3 Bb4 4. e3 b6 5. Nge2 Ba6 6. a3 Bxc3+ 7. Nxc3 d5 8. Be2 Bxc4 9. Bxc4 dxc4 10. Qa4+ Qd7 11. Qxc4 Qc6 12. Qxc6+ Nxc6 13. b4 O-O-O 14. Bb2 e5 15. Ne2 e4 16. Nc3 Ne7 17. Rc1 Ned5 18. Ke2 Nxc3+ 19. Bxc3 Nd5 20. Bd2 Rhe8 21. g4 Rd6 22. a4 Kd7 23. h4 Ree6 24. g5 h5 25. f3 Re7 26. f4 Rc6 27. f5 Rxc1 28. Rxc1 a6 29. Be1 c6 30. a5 Re8 31. Bg3 b5 32. Be1 g6 33. f6 Rc8 34. Bd2 Ke6 35. Rf1 Rc7 36. Ke1 Rc8 37. Ke2 Rc7 38. Ke1 Rc8 1/2-1/2

[Event "ISR-chT"]
[Site "Israel"]
[Date "1999.04.16"]
[Round "8"]
[White "Kaspi, Alexander"]
[Black "Rechlis, Gad"]
[Result "0-1"]
[WhiteElo "2510"]
[BlackElo "2514"]
[PlyCount "118"]
[EventDate "1999.01.??"]
[Source "ChessBase"]
[SourceDate "1999.10.01"]

1. d4 Nf6 2. c4 e6 3. Nc3 Bb4 4. e3 b6 5. Nge2 Ba6 6. a3 Bxc3+ 7. Nxc3 d5 8. b4 Bxc4 9. Bxc4 dxc4 10. Qe2 Qd7 11. Qxc4 Qc6 12. Qxc6+ Nxc6 13. Bb2 O-O-O 14. Rc1 Kb7 15. Ne2 a5 16. b5 Na7 17. a4 c6 18. bxc6+ Nxc6 19. f3 Nb4 20. Kd2 Nd7 21. Rc3 Nc5 22. Ra3 e5 23. Rc1 Rd7 24. e4 exd4 25. Nxd4 Rhd8 26. Ke3 g6 27. g4 f5 28. gxf5 gxf5 29. Rc4 f4+ 30. Ke2 Nc6 31. Nxc6 Rd2+ 32. Kf1 Kxc6 33. Bf6 R8d7 34. Rac3 Rxh2 35. Rd4 Ra2 36. Rxd7 Kxd7 37. Be5 Rxa4 38. Bxf4 Rb4 39. Be3 Rb3 40. Rxb3 Nxb3 41. Bxb6 a4 42. Be3 a3 43. Bh6 Nd4 44. Bg7 Nxf3 45. Ke2 Ng5 46. Ke3 Ne6 47. Ba1 Ke7 48. Kf3 Kf7 49. Kg4 Kg6 50. e5 h5+ 51. Kh4 Nf4 52. Kg3 Kg5 53. Kf3 Kf5 54. Kg3 Kg5 55. Kf3 h4 56. Kf2 Kg4 57. Kg1 Kg3 58. Kh1 h3 59. Bc3 Nd3 0-1

[Event "SWE-chT 0102"]
[Site "?"]
[Date "2001.??.??"]
[Round "5"]
[White "Ingbrandt Johan"]
[Black "Brynell Stellan"]
[Result "0-1"]
[WhiteElo "2457"]
[BlackElo "2566"]
[PlyCount "60"]
[EventDate "2001.??.??"]
[Source "www.chesslib.no"]
[SourceDate "2004.05.04"]

1. d4 e6 2. c4 Nf6 3. Nc3 Bb4 4. e3 b6 5. Nge2 Ba6 6. Ng3 O-O 7. e4 d5 8. cxd5 Bxf1 9. Kxf1 exd5 10. e5 Ne8 11. Qb3 Bxc3 12. bxc3 c5 13. Ba3 Na6 14. Rd1 Nec7 15. f3 Qd7 16. Kf2 Rfd8 17. Rhe1 Rac8 18. dxc5 Nxc5 19. Bxc5 bxc5 20. Ne4 Rb8 21. Qa3 Qf5 22. Ng3 Qc2+ 23. Ne2 Ne6 24. Qxa7 d4 25. cxd4 cxd4 26. Qa5 Rb2 27. Kg3 h5 28. h4 Rxa2 29. Qb6 Qf5 30. Qb1 Qxe5+ 0-1

[Event "St Petersburg A Petrov-mem"]
[Site "St Petersburg"]
[Date "2000.02.12"]
[Round "5"]
[White "Balashov, Yury"]
[Black "Belozerov, Andrei"]
[Result "1-0"]
[WhiteElo "2534"]
[BlackElo "2487"]
[PlyCount "83"]
[EventDate "2000.02.07"]
[Source "www.chesslib.no"]
[SourceDate "2004.05.04"]

1. d4 Nf6 2. c4 e6 3. Nc3 Bb4 4. e3 b6 5. Nge2 Ba6 6. Ng3 O-O 7. e4 c5 8. d5 d6 9. f3 Nfd7 10. Be2 Ne5 11. Qb3 exd5 12. exd5 Qh4 13. f4 Ng4 14. Bxg4 Qxg4 15. O-O Nd7 16. Nce4 f5 17. Ng5 b5 18. Ne6 Nb6 19. Nxf8 Kxf8 20. Qc2 bxc4 21. Nxf5 Qg6 22. Rf2 Nxd5 23. Qe4 Bb7 24. Re2 Rd8 25. h3 Ba5 26. Kh2 Bc6 27. g4 h5 28. Qe6 Qxe6 29. Rxe6 Bc7 30. Bd2 hxg4 31. hxg4 Kf7 32. Rae1 Rd7 33. g5 Rd8 34. Re7+ Kf8 35. Bc3 Nxe7 36. Rxe7 Rd7 37. Bxg7+ Kg8 38. Bf6 d5 39. g6 Bxf4+ 40. Kh3 Rb7 41. Rxb7 Bxb7 42. Ne7+ 1-0

[Event "Madonna di Campiglio"]
[Site "Madonna di Campiglio"]
[Date "1974.??.??"]
[Round "4"]
[White "Hort, Vlastimil"]
[Black "Mednis, Edmar J"]
[Result "1/2-1/2"]
[WhiteElo "2590"]
[BlackElo "2430"]
[PlyCount "80"]
[EventDate "1974.??.??"]
[Source "www.chesslib.no"]
[SourceDate "2004.05.04"]

1. c4 Nf6 2. Nc3 e6 3. d4 Bb4 4. e3 b6 5. Nge2 Ba6 6. a3 Bxc3+ 7. Nxc3 d5 8. Qf3 O-O 9. b4 c5 10. Be2 Qc8 11. dxc5 bxc5 12. b5 Bb7 13. Qg3 Nbd7 14. O-O Nb6 15. cxd5 exd5 16. Bd3 Qg4 17. a4 Qxg3 18. hxg3 a5 19. Bb2 Rfe8 20. Rfc1 Rac8 21. Bf5 Rc7 22. Ne2 Ne4 23. Bxe4 Rxe4 24. Bc3 Nc4 25. Be1 Rc8 26. Nf4 f6 27. Nd3 Kf7 28. Rab1 g5 29. b6 Re6 30. Rb5 Rxb6 31. Rxb6 Nxb6 32. Rb1 Ba6 33. Nxc5 Rxc5 34. Rxb6 Bd3 35. Kh2 Rc4 36. Bxa5 Rxa4 37. Bc3 Ra6 38. Rb7+ Kg6 39. Rd7 Bc4 40. g4 h5 1/2-1/2

[Event "North Bay op"]
[Site "North Bay"]
[Date "1998.08.06"]
[Round "4"]
[White "Yermolinsky, Alex"]
[Black "Burnett, Ronald"]
[Result "1/2-1/2"]
[WhiteElo "2625"]
[BlackElo "2395"]
[PlyCount "102"]
[EventDate "1998.08.??"]
[Source "www.chesslib.no"]
[SourceDate "2004.05.04"]

1. d4 Nf6 2. c4 e6 3. Nc3 Bb4 4. e3 b6 5. Nge2 Ba6 6. a3 Bxc3+ 7. Nxc3 d5 8. b3 Nc6 9. Be2 O-O 10. O-O Na5 11. Rb1 Qd7 12. a4 Rae8 13. cxd5 Nxd5 14. Nxd5 Bxe2 15. Nf6+ gxf6 16. Qxe2 e5 17. Qf3 Qc6 18. d5 Qd6 19. e4 c5 20. Qh5 f5 21. Qxf5 Qg6 22. Qf3 Nb7 23. Bb2 Nd6 24. Rfe1 Re7 25. Re3 Kh8 26. Rbe1 Rg8 27. Qh3 Qg4 28. Qxg4 Rxg4 29. h3 Rg8 30. f4 f6 31. Rf1 Kg7 32. g4 h6 33. Kg2 Rge8 34. h4 Kg6 35. f5+ Kf7 36. Kf3 Rg8 37. Rg1 a5 38. Re2 Ke8 39. Reg2 Nf7 40. Bc1 Rc7 41. Be3 Kd7 42. Rc2 Rgc8 43. Rcg2 Rh8 44. g5 hxg5 45. hxg5 fxg5 46. Bxg5 Rh3+ 47. Ke2 c4 48. Be3 cxb3 49. Rg7 Rc3 50. Rxf7+ Ke8 51. Rb7 Rhxe3+ 1/2-1/2